Indochine - paroles Marilyn - Statistiques

Statistiques générales
  • Ce quiz a été pris 46 fois
  • Le résultat moyen est 124 sur 152
Statistiques - réponses
Réponse % Correct
Et
100%
je
100%
la
100%
le
100%
se
100%
Se
100%
à
96%
bouche
96%
Embrasser
96%
fille
96%
garçon
96%
puis
96%
sur
96%
En
91%
en
91%
Encore
91%
encore
91%
fort
91%
fort,
91%
les
91%
Les
91%
Moi
91%
On
91%
on
91%
plus
91%
Ce
87%
de
87%
mouiller
87%
que
87%
veux
87%
vivre,
87%
vivre
87%
Vivre
87%
dans
83%
Dans
83%
faire
83%
juste
83%
Juste
83%
lèvres
83%
Ne
83%
ne
83%
pas
83%
S'en
83%
veut
83%
après
78%
disant
78%
du
78%
fond
78%
Nous
78%
un
78%
bas
74%
couloir
74%
l'escalier
74%
mal
74%
peu
74%
brûler
70%
crucifier
70%
Descendre
70%
l'on
70%
qui
70%
sais,
70%
S'imaginer
70%
sûrement
70%
vie
70%
vie,
70%
yeux
70%
croire
65%
décider
65%
être
65%
faut
65%
jamais
65%
j'en
65%
L'emmener
65%
qu'il
65%
regrettera
65%
sacrifier
65%
Sans
65%
sans
65%
ses
65%
blanc
61%
n'le
61%
qu'est
61%
savoir
61%
va
61%
fermant
57%
hommage
57%
pâle
57%
trouver
57%
dieux
52%
écartés
52%
espoir
52%
rechercher
52%
corps
48%
rester
48%
cachés
43%
S'abandonner
43%
déplaire
39%
Aucun quiz correspondant
Distribution des résultats
% des personnes avec chaque résultat
Percentile par nombre de réponses
Votre historique - résultats
Vous n’avez pas pris ce quiz